[Event "Moscow op-A 19th"]
[Site "Moscow"]
[Date "2023.07.17"]
[Round "1"]
[White "Gavrilov, Alexei"]
[Black "Varankin, Leonid"]
[Result "0-1"]
[WhiteElo "2410"]
[BlackElo "1856"]
[PlyCount "88"]
[EventDate "2023.07.17"]
[EventType "swiss"]
[EventRounds "9"]
[EventCountry "RUS"]
[SourceTitle "CBM 215 Extra"]
[Source "ChessBase"]
[SourceDate "2023.09.30"]
[SourceVersion "1"]
[SourceVersionDate "2023.09.30"]
[SourceQuality "1"]

1. e4 e5 2. Nf3 d6 3. d4 exd4 4. Nxd4 Nf6 5. Nc3 Be7 6. Be2 0-0 7. 0-0 Re8 8. Re1 Bf8 9. Bf1 c6 10. a4 Nbd7 11. Bf4 Ne5 12. h3 Bd7 13. Qd2 h6 14. Bh2 Qc7 15. f4 Ng6 16. Kh1 Rad8 17. Bd3 Bc8 18. Nf3 Nd7 19. Nd1 Nc5 20. Nf2 a5 21. h4 Be7 22. h5 Nf8 23. Bc4 Qb6 24. b3 Be6 25. Bxe6 Nfxe6 26. Rad1 d5 27. Qe2 Nxe4 28. Nxe4 dxe4 29. Qxe4 Bb4 30. Rf1 Ng5 31. Rxd8 Qxd8 32. Qf5 Nxf3 33. gxf3 Re2 34. Bg3 Rd2 35. Rf2 Rd5 36. Qg4 Be1 37. Bh4 Qd7 38. Rh2 Bxh4 39. Qxh4 Rd1+ 40. Kg2 Qd2+ 41. Kh3 Qd5 42. Qg4 Rf1 43. Kg2 f5 44. Qh3 Qd1 0-1

[Event "Roquetas de Mar op 29th"]
[Site "Roquetas de Mar"]
[Date "2018.01.02"]
[Round "1"]
[White "Perez Ordonez, Jose Ramon"]
[Black "Gavrilov, Alexei"]
[Result "1/2-1/2"]
[WhiteElo "2049"]
[BlackElo "2480"]
[PlyCount "118"]
[EventDate "2018.01.02"]
[EventType "swiss"]
[EventRounds "9"]
[EventCountry "ESP"]
[SourceTitle "CBM 182 Extra"]
[Source "ChessBase"]
[SourceDate "2018.02.23"]
[SourceVersion "1"]
[SourceVersionDate "2018.02.23"]
[SourceQuality "1"]

1. Nf3 d5 2. g3 c6 3. c4 Bg4 4. Bg2 e6 5. cxd5 Bxf3 6. Bxf3 cxd5 7. d3 Nc6 8. 0-0 Bd6 9. Nc3 Nge7 10. Bg2 0-0 11. Bd2 Rc8 12. Qa4 a6 13. Rfc1 b5 14. Qd1 Qb6 15. Qe1 Rfd8 16. Nd1 h6 17. b4 Be5 18. Rab1 Rd7 19. Kh1 Rdc7 20. f4 Bd4 21. e3 Bf6 22. a3 g6 23. Nf2 h5 24. Nh3 Bg7 25. Ng5 Nf5 26. Bf3 Nd6 27. Kg2 Bf6 28. Nh3 Nf5 29. Nf2 d4 30. e4 Ne3+ 31. Kh1 e5 32. f5 Bg5 33. Nd1 Ne7 34. Rxc7 Rxc7 35. Nxe3 Bxe3 36. fxg6 fxg6 37. Rc1 Rxc1 38. Bxc1 Kg7 39. Kg2 Nc6 40. Bd2 Nd8 41. Bc1 Ne6 42. h4 Qa7 43. Kf1 Kf6 44. Kg2 Ke7 45. Kf1 Kd6 46. Ke2 Qc7 47. Bxe3 dxe3 48. Kxe3 Nd4 49. Bd1 Qc1+ 50. Qd2 Qxa3 51. g4 hxg4 52. Bxg4 Qa1 53. Bd1 Kc7 54. Kf2 Kb6 55. Qg5 Qxd1 56. Qd8+ Kc6 57. Qd5+ Kb6 58. Qd8+ Kc6 59. Qd5+ Kb6 1/2-1/2

[Event "Lorca op 6th"]
[Site "Lorca"]
[Date "2017.12.27"]
[Round "2"]
[White "Gavrilov, Alexei"]
[Black "Podvin, Francois Xavier"]
[Result "1/2-1/2"]
[WhiteElo "2482"]
[BlackElo "2169"]
[PlyCount "38"]
[EventDate "2017.12.26"]
[EventType "swiss"]
[EventRounds "9"]
[EventCountry "ESP"]
[SourceTitle "CBM 182 Extra"]
[Source "ChessBase"]
[SourceDate "2018.02.23"]
[SourceVersion "1"]
[SourceVersionDate "2018.02.23"]
[SourceQuality "1"]

1. d4 Nf6 2. Nf3 e6 3. c4 c5 4. d5 exd5 5. cxd5 d6 6. Nc3 g6 7. Bf4 Bg7 8. Qa4+ Bd7 9. Qb3 b5 10. Bxd6 Qb6 11. Be5 0-0 12. e3 c4 13. Qd1 b4 14. Ne2 Rc8 15. Rc1 Bb5 16. Ned4 Ba6 17. Be2 Nbd7 18. 0-0 Rc5 19. Qa4 Rac8 1/2-1/2

[Event "Lorca op 6th"]
[Site "Lorca"]
[Date "2017.12.26"]
[Round "1"]
[White "Cebrian Flores, Juan Antonio"]
[Black "Gavrilov, Alexei"]
[Result "0-1"]
[WhiteElo "2050"]
[BlackElo "2482"]
[PlyCount "29"]
[EventDate "2017.12.26"]
[EventType "swiss"]
[EventRounds "9"]
[EventCountry "ESP"]
[SourceTitle "CBM 182 Extra"]
[Source "ChessBase"]
[SourceDate "2018.02.23"]
[SourceVersion "1"]
[SourceVersionDate "2018.02.23"]
[SourceQuality "1"]

1. d4 Nf6 2. Nf3 d5 3. c4 e6 4. g3 Be7 5. Bg2 0-0 6. 0-0 dxc4 7. Qc2 a6 8. Qxc4 b5 9. Qc2 Bb7 10. Bd2 Be4 11. Qb3 c5 12. dxc5 Nbd7 13. Nc3 Nxc5 14. Qd1 Bb7 15. a3 0-1

[Event "EU-ch Seniors 50 17h"]
[Site "Sabadell"]
[Date "2017.08.14"]
[Round "3"]
[White "Gavrilov, Alexei"]
[Black "Crickmore, Neil EG"]
[Result "1-0"]
[WhiteElo "2479"]
[BlackElo "2162"]
[PlyCount "73"]
[EventDate "2017.08.12"]
[EventType "swiss"]
[EventRounds "9"]
[EventCountry "ESP"]
[SourceTitle "CBM 180 Extra"]
[Source "ChessBase"]
[SourceDate "2017.10.06"]
[SourceVersion "1"]
[SourceVersionDate "2017.10.06"]
[SourceQuality "1"]

1. d4 Nf6 2. c4 g6 3. Nc3 d5 4. cxd5 Nxd5 5. e4 Nxc3 6. bxc3 Bg7 7. Qa4+ Nd7 8. Nf3 0-0 9. Be2 c5 10. Rb1 b6 11. 0-0 Qc7 12. Re1 Bb7 13. Ba6 Bxa6 14. Qxa6 Nb8 15. Qb5 Nc6 16. Be3 cxd4 17. cxd4 Qd7 18. Rec1 Rfc8 19. a4 e6 20. h3 Qe8 21. d5 exd5 22. exd5 Ne5 23. Nd4 Qe7 24. Nc6 Qd6 25. Bf4 Re8 26. Bg3 f5 27. Nxe5 Bxe5 28. Rc6 Qf8 29. d6 Bxg3 30. fxg3 Rad8 31. Rd1 Qf7 32. Rc7 Qf6 33. Rxa7 Re6 34. Qc4 Qe5 35. Qc7 Qc5+ 36. Kh2 Qxc7 37. dxc7 1-0

[Event "Dieren op"]
[Site "Dieren"]
[Date "2017.07.31"]
[Round "6"]
[White "Gavrilov, Alexei"]
[Black "Lai, Hing Ting"]
[Result "1-0"]
[WhiteElo "2491"]
[BlackElo "2393"]
[PlyCount "57"]
[EventDate "2017.07.25"]
[EventType "swiss"]
[EventRounds "9"]
[EventCountry "NED"]
[SourceTitle "CBM 179 Extra"]
[Source "ChessBase"]
[SourceDate "2017.08.23"]
[SourceVersion "1"]
[SourceVersionDate "2017.08.23"]
[SourceQuality "1"]

1. d4 Nf6 2. c4 e6 3. Nf3 b6 4. g3 Ba6 5. b3 Bb4+ 6. Bd2 Be7 7. Nc3 d5 8. cxd5 exd5 9. Bg2 0-0 10. 0-0 Nbd7 11. Ne5 Bb7 12. Bc1 Bd6 13. f4 Re8 14. e3 c5 15. Bb2 cxd4 16. exd4 Bb4 17. Rc1 Bxc3 18. Rxc3 Ne4 19. Rc2 Nf8 20. Qh5 g6 21. Qh6 f6 22. Bxe4 fxe5 23. f5 Re7 24. Bg2 e4 25. Ba3 Rf7 26. fxg6 Rxf1+ 27. Bxf1 Nxg6 28. Bh3 Bc8 29. Rc6 1-0

[Event "Dieren op"]
[Site "Dieren"]
[Date "2017.07.26"]
[Round "2"]
[White "Gavrilov, Alexei"]
[Black "De Jong, Migchiel"]
[Result "1/2-1/2"]
[WhiteElo "2491"]
[BlackElo "2338"]
[PlyCount "63"]
[EventDate "2017.07.25"]
[EventType "swiss"]
[EventRounds "9"]
[EventCountry "NED"]
[SourceTitle "CBM 179 Extra"]
[Source "ChessBase"]
[SourceDate "2017.08.23"]
[SourceVersion "1"]
[SourceVersionDate "2017.08.23"]
[SourceQuality "1"]

1. d4 e6 2. c4 Bb4+ 3. Nd2 c5 4. a3 Bxd2+ 5. Qxd2 cxd4 6. Nf3 Nf6 7. Nxd4 0-0 8. e3 d5 9. cxd5 Qxd5 10. Nb5 Qc6 11. b4 a6 12. Nd4 Qc7 13. Bb2 e5 14. Rc1 Qe7 15. Nf3 Nc6 16. Be2 Rd8 17. Qc2 Bg4 18. h3 Bh5 19. Qc5 Qxc5 20. Rxc5 Ne4 21. Rc4 Nd6 22. Rc1 f6 23. Nxe5 Nxe5 24. Bxe5 Bxe2 25. Bxd6 Bb5 26. Rd1 b6 27. Bc7 Rdc8 28. Bxb6 Rc2 29. Rd2 Rc1+ 30. Rd1 Rc2 31. Rd2 Rc1+ 32. Rd1 1/2-1/2

[Event "Dieren op"]
[Site "Dieren"]
[Date "2017.07.25"]
[Round "1"]
[White "Blok, Michiel"]
[Black "Gavrilov, Alexei"]
[Result "0-1"]
[WhiteElo "2160"]
[BlackElo "2491"]
[PlyCount "128"]
[EventDate "2017.07.25"]
[EventType "swiss"]
[EventRounds "9"]
[EventCountry "NED"]
[SourceTitle "CBM 179 Extra"]
[Source "ChessBase"]
[SourceDate "2017.08.23"]
[SourceVersion "1"]
[SourceVersionDate "2017.08.23"]
[SourceQuality "1"]

1. d4 Nf6 2. c4 e6 3. Nc3 Bb4 4. a3 Bxc3+ 5. bxc3 d6 6. f3 0-0 7. Bg5 h6 8. Bh4 Nbd7 9. e4 e5 10. Bd3 Re8 11. Ne2 Nf8 12. Qd2 exd4 13. cxd4 Nxe4 14. Bxd8 Nxd2 15. Bxc7 Nb3 16. Rb1 Nxd4 17. Kf2 Nde6 18. Bxd6 Rd8 19. Bxf8 Rxd3 20. Be7 Rd7 21. Bh4 b6 22. Bg3 Ba6 23. Rhd1 Rxd1 24. Rxd1 Bxc4 25. Nc3 b5 26. Rb1 a6 27. Rd1 f6 28. Bd6 a5 29. Ke3 Ra6 30. f4 f5 31. Be7 Ra7 32. Bd6 Rb7 33. g3 b4 34. axb4 axb4 35. Rb1 b3 36. Ba3 Ra7 37. Bb2 Re7 38. Nd1 Rd7 39. Nf2 Ra7 40. Nd1 Rd7 41. Nf2 Rb7 42. Rc1 Bd5 43. Nd3 Ra7 44. Rc8+ Kh7 45. Nc1 Ra4 46. Rb8 g5 47. fxg5 hxg5 48. Nxb3 f4+ 49. gxf4 gxf4+ 50. Kf2 Rc4 51. Ke1 Re4+ 52. Kf2 f3 53. Rh8+ Kg6 54. Kxf3 Rb4+ 55. Kf2 Rxb3 56. Be5 Kf5 57. Rh5+ Kg4 58. Rh6 Kf5 59. Rh5+ Ke4 60. Bh8 Rf3+ 61. Kg1 Nf4 62. Re5+ Kd3 63. h4 Be4 64. h5 Ke3 0-1

[Event "Leiden LCT op-A 11th"]
[Site "Leiden"]
[Date "2017.07.17"]
[Round "4"]
[White "Gavrilov, Alexei"]
[Black "Perske, Thore"]
[Result "1/2-1/2"]
[WhiteElo "2491"]
[BlackElo "2413"]
[PlyCount "74"]
[EventDate "2017.07.14"]
[EventType "swiss"]
[EventRounds "9"]
[EventCountry "NED"]
[SourceTitle "CBM 179 Extra"]
[Source "ChessBase"]
[SourceDate "2017.08.23"]
[SourceVersion "1"]
[SourceVersionDate "2017.08.23"]
[SourceQuality "1"]

1. e4 e6 2. d4 d5 3. Nc3 Nf6 4. Bg5 Be7 5. e5 Nfd7 6. Bxe7 Qxe7 7. f4 a6 8. Nf3 Nb6 9. Qd2 Bd7 10. a4 a5 11. b3 c5 12. dxc5 Qxc5 13. Qd4 Qxd4 14. Nxd4 Nc6 15. Ncb5 0-0 16. 0-0-0 Nc8 17. Kb2 N8e7 18. Be2 Nb4 19. Nd6 Rab8 20. Rd2 Nc8 21. Nxc8 Rbxc8 22. Rc1 Nc6 23. Nb5 Ne7 24. Nd6 Rb8 25. c4 Bc6 26. Bf3 Rbd8 27. cxd5 Nxd5 28. Bxd5 Bxd5 29. Rc7 b6 30. Rdc2 f6 31. Ka3 fxe5 32. fxe5 h5 33. Re7 Rf4 34. Rcc7 Rg4 35. g3 Rf8 36. Nf7 Rb4 37. Kb2 Rxb3+ 1/2-1/2

[Event "Voronezh op-A 21st"]
[Site "Voronezh"]
[Date "2017.06.20"]
[Round "8"]
[White "Gavrilov, Alexei"]
[Black "Ovchinnikov, Vsevolod"]
[Result "1-0"]
[WhiteElo "2495"]
[BlackElo "2325"]
[PlyCount "118"]
[EventDate "2017.06.12"]
[EventType "swiss"]
[EventRounds "9"]
[EventCountry "RUS"]
[SourceTitle "EXT 2018"]
[Source "ChessBase"]
[SourceDate "2017.10.13"]
[SourceVersion "1"]
[SourceVersionDate "2017.10.13"]
[SourceQuality "1"]

1. e4 e6 2. d4 d5 3. Nd2 Nf6 4. e5 Nfd7 5. f4 c5 6. c3 Nc6 7. Ngf3 cxd4 8. cxd4 Qb6 9. Nb3 a5 10. a4 Bb4+ 11. Kf2 f6 12. Be3 fxe5 13. fxe5 0-0 14. h4 Ne7 15. Bd3 Nf5 16. Qc2 Qc6 17. Bxf5 Rxf5 18. Rhc1 Qxc2+ 19. Rxc2 Nb6 20. Bd2 Bxd2 21. Nbxd2 Bd7 22. b3 Bc6 23. Ke3 Nd7 24. Ne1 Kf8 25. Nd3 Ke7 26. Nf3 Rff8 27. Rac1 Rfc8 28. Nf4 Nf8 29. Nh5 Kf7 30. Kd2 Kg8 31. Nf4 Kf7 32. Rc3 h6 33. g4 Ke7 34. g5 hxg5 35. Nxg5 Bd7 36. Rxc8 Rxc8 37. Rg1 Be8 38. Nh7 Nxh7 39. Rxg7+ Bf7 40. Rxh7 Rg8 41. h5 Rg4 42. Ke3 Kf8 43. Kf3 Rg5 44. Rh6 Kg8 45. Nxe6 Rxh5 46. Rxh5 Bxh5+ 47. Ke3 Bd1 48. Nc5 b6 49. Kd2 Bg4 50. Na6 Kf7 51. Nc7 Bf3 52. Na8 Ke7 53. Nxb6 Kd8 54. Ke3 Be4 55. Nc4 Kc7 56. Nxa5 Kb6 57. Nc4+ dxc4 58. Kxe4 cxb3 59. Kd3 Ka5 1-0

[Event "Voronezh op-A 21st"]
[Site "Voronezh"]
[Date "2017.06.14"]
[Round "3"]
[White "Sergienko, Sergey"]
[Black "Gavrilov, Alexei"]
[Result "1/2-1/2"]
[WhiteElo "2344"]
[BlackElo "2495"]
[PlyCount "95"]
[EventDate "2017.06.12"]
[EventType "swiss"]
[EventRounds "9"]
[EventCountry "RUS"]
[SourceTitle "EXT 2018"]
[Source "ChessBase"]
[SourceDate "2017.10.13"]
[SourceVersion "1"]
[SourceVersionDate "2017.10.13"]
[SourceQuality "1"]

1. Nf3 d5 2. c4 d4 3. g3 Nc6 4. Bg2 e5 5. d3 Nf6 6. 0-0 Bd6 7. Na3 0-0 8. Nc2 a5 9. e3 dxe3 10. Bxe3 Ng4 11. Bg5 Be7 12. Bxe7 Qxe7 13. d4 exd4 14. Nfxd4 Nxd4 15. Qxd4 Bf5 16. Rfe1 Qg5 17. Ne3 Nxe3 18. Rxe3 c6 19. Qb6 Rfb8 20. Rae1 Be6 21. Re5 Qd2 22. b3 Qxa2 23. f4 Qd2 24. f5 Bd7 25. g4 h5 26. R5e2 Qg5 27. Re7 Re8 28. Qxb7 Rxe7 29. Qxa8+ Kh7 30. Rxe7 Qxe7 31. Qxa5 Qe3+ 32. Kf1 hxg4 33. Qe1 Qd3+ 34. Kg1 Bxf5 35. Bxc6 g6 36. Bd5 Qd4+ 37. Qf2 Qd1+ 38. Qf1 Qxb3 39. Bxf7 Bd3 40. Qf4 Qd1+ 41. Kf2 g5 42. Bg8+ Kxg8 43. Qxg5+ Kf7 44. Qd5+ Kf6 45. Qd6+ Kg5 46. Qd5+ Kh6 47. Qd6+ Kg5 48. Qd5+ 1/2-1/2

[Event "Voronezh op-A 21st"]
[Site "Voronezh"]
[Date "2017.06.12"]
[Round "1"]
[White "Pogorelskikh, Sergey"]
[Black "Gavrilov, Alexei"]
[Result "0-1"]
[WhiteElo "2233"]
[BlackElo "2495"]
[PlyCount "66"]
[EventDate "2017.06.12"]
[EventType "swiss"]
[EventRounds "9"]
[EventCountry "RUS"]
[SourceTitle "EXT 2018"]
[Source "ChessBase"]
[SourceDate "2017.10.13"]
[SourceVersion "1"]
[SourceVersionDate "2017.10.13"]
[SourceQuality "1"]

1. e4 e5 2. Nf3 Nc6 3. Bb5 a6 4. Ba4 Nf6 5. 0-0 Be7 6. Re1 b5 7. Bb3 d6 8. a3 0-0 9. d3 Be6 10. Bxe6 fxe6 11. c3 Nd7 12. Nbd2 Bf6 13. Nf1 Qe8 14. a4 b4 15. a5 bxc3 16. bxc3 Rb8 17. Bd2 Rb5 18. Qc2 Qa8 19. Reb1 Rfb8 20. Ne3 Qb7 21. Rxb5 Qxb5 22. Ng4 Qb3 23. Nxf6+ Nxf6 24. Qxb3 Rxb3 25. Kf1 Nd7 26. d4 h6 27. Ra4 d5 28. exd5 exd5 29. c4 e4 30. cxd5 exf3 31. gxf3 Ne7 32. Rc4 Nxd5 33. Rc6 Nb8 0-1

[Event "Moscow-ch"]
[Site "Moscow"]
[Date "2017.04.08"]
[Round "8"]
[White "Gavrilov, Alexei"]
[Black "Sarana, Alexey"]
[Result "1/2-1/2"]
[WhiteElo "2487"]
[BlackElo "2464"]
[PlyCount "53"]
[EventDate "2017.04.01"]
[EventType "swiss"]
[EventRounds "9"]
[EventCountry "RUS"]
[SourceTitle "CBM 177 Extra"]
[Source "ChessBase"]
[SourceDate "2017.04.27"]
[SourceVersion "1"]
[SourceVersionDate "2017.04.27"]
[SourceQuality "1"]

1. d4 Nf6 2. c4 e6 3. Nf3 d5 4. e3 c5 5. Nc3 Nc6 6. a3 cxd4 7. exd4 Be7 8. Bd3 0-0 9. 0-0 dxc4 10. Bxc4 b6 11. Qd3 Bb7 12. Rd1 Nd5 13. Nxd5 exd5 14. Ba2 Bf6 15. Bf4 Re8 16. Re1 Rxe1+ 17. Rxe1 Ne7 18. Ne5 Ng6 19. Bg3 Rc8 20. h3 Nf8 21. Ng4 Bg5 22. f4 Bh4 23. f5 h5 24. Ne5 Qg5 25. Bxh4 Qxh4 26. Rd1 Nh7 27. Kh2 1/2-1/2

[Event "Moscow-ch"]
[Site "Moscow"]
[Date "2017.04.03"]
[Round "3"]
[White "Gavrilov, Alexei"]
[Black "Sychev, Klementy"]
[Result "0-1"]
[WhiteElo "2487"]
[BlackElo "2461"]
[PlyCount "162"]
[EventDate "2017.04.01"]
[EventType "swiss"]
[EventRounds "9"]
[EventCountry "RUS"]
[SourceTitle "CBM 177 Extra"]
[Source "ChessBase"]
[SourceDate "2017.04.27"]
[SourceVersion "1"]
[SourceVersionDate "2017.04.27"]
[SourceQuality "1"]

1. d4 d5 2. c4 c6 3. Nc3 Nf6 4. e3 e6 5. Nf3 Nbd7 6. Qc2 b6 7. Bd3 Bb7 8. 0-0 Be7 9. b3 dxc4 10. bxc4 c5 11. Qe2 0-0 12. Rd1 a6 13. d5 exd5 14. cxd5 b5 15. e4 c4 16. Bc2 Bb4 17. Bd2 Re8 18. Rab1 Bxc3 19. Bxc3 Nxd5 20. Ba1 Nf4 21. Qe3 Nd3 22. Bxd3 cxd3 23. Rb4 Nf6 24. Rxd3 Qe7 25. a3 Nxe4 26. h3 Nc5 27. Rg4 f5 28. Qxe7 Rxe7 29. Re3 fxg4 30. Rxe7 gxf3 31. Bd4 Nb3 32. Be5 Bd5 33. Rxg7+ Kf8 34. Rxh7 fxg2 35. Rd7 Be4 36. f3 Bf5 37. Rd6 Ke7 38. Kxg2 Rg8+ 39. Kf2 Rg6 40. Rxg6 Bxg6 41. Ke3 Na5 42. Bc3 Nc6 43. Kf4 Bh5 44. h4 Ke6 45. Ke4 a5 46. f4 Bg6+ 47. Kf3 b4 48. axb4 axb4 49. Ba1 Na5 50. Kg4 Nc4 51. Kg5 Be4 52. Kh6 Kf7 53. Kg5 b3 54. f5 b2 55. Bxb2 Nxb2 56. h5 Nd3 57. h6 Bd5 58. h7 Kg7 59. h8Q+ Kxh8 60. Kg6 Kg8 61. Kf6 Kf8 62. Kg6 Ne5+ 63. Kf6 Nd7+ 64. Kg6 Be4 65. Kg5 Kf7 66. Kf4 Bc2 67. f6 Kxf6 68. Ke3 Ke5 69. Kd2 Be4 70. Kc3 Kd5 71. Kb4 Kd4 72. Kb3 Ne5 73. Kb2 Nc4+ 74. Ka2 Kc3 75. Ka1 Nd2 76. Ka2 Nb3 77. Ka3 Bb1 78. Ka4 Nd4 79. Ka5 Kc4 80. Kb6 Nb5 81. Kc6 Bf5 0-1

[Event "Moscow Aeroflot op-B 16th"]
[Site "Moscow"]
[Date "2017.03.01"]
[Round "9"]
[White "Abdumalik, Zhansaya"]
[Black "Gavrilov, Alexei"]
[Result "1-0"]
[WhiteElo "2430"]
[BlackElo "2495"]
[PlyCount "73"]
[EventDate "2017.02.21"]
[EventType "swiss"]
[EventRounds "9"]
[EventCountry "RUS"]
[SourceTitle "CBM 177 Extra"]
[Source "ChessBase"]
[SourceDate "2017.04.27"]
[SourceVersion "1"]
[SourceVersionDate "2017.04.27"]
[SourceQuality "1"]

1. e4 e5 2. Nf3 Nc6 3. Bb5 a6 4. Ba4 Nf6 5. 0-0 Be7 6. Re1 b5 7. Bb3 d6 8. c3 0-0 9. h3 Re8 10. d4 Bb7 11. Nbd2 Bf8 12. d5 Nb8 13. Nf1 Nbd7 14. N3h2 c6 15. dxc6 Bxc6 16. Ng3 Qc7 17. Ng4 Nxg4 18. hxg4 Nc5 19. Bd5 Qb7 20. Qf3 Bxd5 21. exd5 h6 22. Bd2 Rac8 23. Rad1 Qd7 24. Bc1 Be7 25. b3 Bh4 26. Nf5 e4 27. Qh3 Bf6 28. b4 Nd3 29. g5 Qd8 30. gxf6 Qxf6 31. Be3 Nxe1 32. Bd4 Rxc3 33. Bxc3 Nf3+ 34. Qxf3 exf3 35. Bxf6 gxf6 36. Nxd6 Re2 37. Nb7 1-0

[Event "Moscow Aeroflot op-B 16th"]
[Site "Moscow"]
[Date "2017.02.28"]
[Round "8"]
[White "Gavrilov, Alexei"]
[Black "Zakhartsov, Vladimir"]
[Result "1/2-1/2"]
[WhiteElo "2495"]
[BlackElo "2453"]
[PlyCount "150"]
[EventDate "2017.02.21"]
[EventType "swiss"]
[EventRounds "9"]
[EventCountry "RUS"]
[SourceTitle "CBM 177 Extra"]
[Source "ChessBase"]
[SourceDate "2017.04.27"]
[SourceVersion "1"]
[SourceVersionDate "2017.04.27"]
[SourceQuality "1"]

1. d4 Nf6 2. c4 e6 3. Nf3 b6 4. g3 Ba6 5. b3 Bb4+ 6. Bd2 Be7 7. Nc3 0-0 8. Bg2 c6 9. e4 d5 10. exd5 cxd5 11. Ne5 Nbd7 12. Nc6 Qe8 13. Nxe7+ Qxe7 14. Qe2 Qd6 15. 0-0 Rac8 16. Nb5 Bxb5 17. cxb5 Qa3 18. Qe1 Rfe8 19. Bb4 Qb2 20. Qe3 e5 21. dxe5 Nxe5 22. Rfb1 Qc2 23. Rc1 Qf5 24. Rxc8 Rxc8 25. Bd6 Re8 26. Qf4 Qh5 27. h3 Qe2 28. a4 Nd3 29. Qf3 Qb2 30. Rf1 Ne1 31. Qd1 Nxg2 32. Kxg2 Re2 33. g4 Ne4 34. Bg3 Nxg3 35. Qxd5 g6 36. Kxg3 Rd2 37. Qc4 Rd4 38. Rb1 Qd2 39. Qc8+ Rd8 40. Qc1 Qe2 41. Qe1 Rd3+ 42. Kh2 Qf3 43. Qe8+ Kg7 44. Qe5+ Kh6 45. Kg1 f6 46. Qc7 Qe4 47. Qc1+ g5 48. Qc6 Qxc6 49. bxc6 Rc3 50. Rd1 Rxc6 51. Rd7 a5 52. Rb7 Kg6 53. Kg2 h6 54. Kf1 f5 55. Ke2 Kf6 56. Kd3 Ke5 57. Re7+ Kf6 58. Re8 Kf7 59. Re5 fxg4 60. hxg4 Rf6 61. Rb5 Ke7 62. Ke4 Rxf2 63. Rxb6 Rf4+ 64. Ke5 Rxg4 65. Rxh6 Rb4 66. Rh7+ Kd8 67. Kd6 Rb6+ 68. Kc5 Rxb3 69. Rg7 Rg3 70. Kb5 Ke8 71. Kxa5 Kf8 72. Rb7 Rf3 73. Rb4 Ke7 74. Kb6 Rf4 75. Rb5 Rxa4 1/2-1/2

[Event "Moscow Aeroflot op-B 16th"]
[Site "Moscow"]
[Date "2017.02.22"]
[Round "2"]
[White "Gavrilov, Alexei"]
[Black "Zhu, Yi"]
[Result "1/2-1/2"]
[WhiteElo "2495"]
[BlackElo "2317"]
[PlyCount "112"]
[EventDate "2017.02.21"]
[EventType "swiss"]
[EventRounds "9"]
[EventCountry "RUS"]
[SourceTitle "CBM 177 Extra"]
[Source "ChessBase"]
[SourceDate "2017.04.27"]
[SourceVersion "1"]
[SourceVersionDate "2017.04.27"]
[SourceQuality "1"]

1. d4 Nf6 2. c4 g6 3. Nc3 Bg7 4. e4 d6 5. Nf3 0-0 6. Be2 Na6 7. 0-0 e5 8. Be3 c6 9. Re1 Ng4 10. Bg5 Qa5 11. Bh4 Re8 12. d5 Qc7 13. Nd2 h5 14. a3 f6 15. b4 c5 16. Rb1 Nh6 17. f3 Qe7 18. Bd3 Bd7 19. Bc2 Reb8 20. Ba4 Bc8 21. Bf2 Nf7 22. Bb5 Nc7 23. bxc5 dxc5 24. Ba4 b6 25. Bc6 Bb7 26. Bxb7 Rxb7 27. Nb3 Nd6 28. Qe2 Rab8 29. Rb2 f5 30. exf5 gxf5 31. Rc2 h4 32. h3 Bf6 33. a4 Kh8 34. Kh1 Rg8 35. Bg1 Rbb8 36. Bh2 Rbe8 37. Nd2 Na6 38. Nb5 Nf7 39. f4 Nb4 40. Rcc1 e4 41. Qh5+ Kg7 42. Qxf5 Nd3 43. Nxe4 Nxc1 44. Nc7 Nh6 45. Nxe8+ Rxe8 46. Qh5 Nd3 47. Re2 Nf2+ 48. Rxf2 Qxe4 49. f5 Qe1+ 50. Bg1 Ng8 51. d6 Rd8 52. Re2 Qg3 53. Re4 Qxd6 54. Qg6+ Kh8 55. Qh5+ Kg7 56. Qg6+ Kh8 1/2-1/2

[Event "Staufer op 29th"]
[Site "Schwaebisch Gmuend"]
[Date "2017.01.05"]
[Round "7"]
[White "Velicka, Petr"]
[Black "Gavrilov, Alexei"]
[Result "0-1"]
[WhiteElo "2420"]
[BlackElo "2498"]
[PlyCount "114"]
[EventDate "2017.01.02"]
[EventType "swiss"]
[EventRounds "9"]
[EventCountry "GER"]
[SourceTitle "CBM 176 Extra"]
[Source "ChessBase"]
[SourceDate "2017.03.02"]
[SourceVersion "1"]
[SourceVersionDate "2017.03.02"]
[SourceQuality "1"]

1. e4 e5 2. Nf3 Nc6 3. Bb5 a6 4. Ba4 Nf6 5. d3 d6 6. c4 Be7 7. Nc3 0-0 8. h3 Nd4 9. Nxd4 exd4 10. Ne2 c5 11. 0-0 Rb8 12. Nf4 b5 13. Bb3 Bb7 14. Nd5 Nxd5 15. exd5 Bg5 16. f4 Bh4 17. Kh2 Re8 18. g3 Bf6 19. Re1 Rxe1 20. Qxe1 Qd7 21. Bd2 bxc4 22. dxc4 h5 23. Qf1 Bc8 24. Re1 Kf8 25. Bc1 Rb4 26. Bd2 Rb7 27. Bc1 Qf5 28. Bd1 d3 29. g4 Qh7 30. Ba4 Re7 31. g5 Rxe1 32. Qxe1 Be7 33. Bd2 Qf5 34. Qe3 f6 35. a3 fxg5 36. fxg5 Kf7 37. b4 Qf1 38. bxc5 dxc5 39. Qf4+ Qxf4+ 40. Bxf4 Kg6 41. h4 Kf5 42. Kg3 Bd8 43. Kf3 Ba5 44. Bd6 Be1 45. Bxc5 Bxh4 46. Be7 d2 47. Ke2 Be1 48. d6 Ke6 49. c5 g6 50. c6 Kf7 51. Bb3+ Be6 52. Ba4 Bg4+ 53. Kf1 Bg3 54. Bb3+ Ke8 55. c7 Kd7 56. Ba4+ Kc8 57. Bf8 d1Q+ 0-1

[Event "Staufer op 29th"]
[Site "Schwaebisch Gmuend"]
[Date "2017.01.03"]
[Round "4"]
[White "Gavrilov, Alexei"]
[Black "Schlotterbeck, Peter"]
[Result "1-0"]
[WhiteElo "2498"]
[BlackElo "2097"]
[PlyCount "115"]
[EventDate "2017.01.02"]
[EventType "swiss"]
[EventRounds "9"]
[EventCountry "GER"]
[SourceTitle "CBM 176 Extra"]
[Source "ChessBase"]
[SourceDate "2017.03.02"]
[SourceVersion "1"]
[SourceVersionDate "2017.03.02"]
[SourceQuality "1"]

1. d4 d5 2. c4 e6 3. Nc3 f5 4. Nf3 c6 5. Bf4 Nf6 6. e3 Bd6 7. Bd3 0-0 8. 0-0 Ne4 9. Qc2 Qe7 10. c5 Bxf4 11. exf4 Nd7 12. b4 b6 13. Ne2 Bb7 14. Rfc1 Rfc8 15. Rab1 a5 16. bxa5 Rxa5 17. cxb6 c5 18. dxc5 Raxc5 19. Qb2 Rxc1+ 20. Rxc1 Rxc1+ 21. Qxc1 Qc5 22. Qxc5 Nexc5 23. Bb5 Nxb6 24. Ned4 h6 25. Ne5 Kf8 26. f3 Ke7 27. Kf2 Ba6 28. Ke3 Kf6 29. Bxa6 Nxa6 30. Ndc6 g5 31. g3 Nc5 32. Kd4 Nba4 33. fxg5+ hxg5 34. h4 gxh4 35. gxh4 Nb7 36. Nd7+ Kf7 37. Ke5 Nb2 38. h5 Nd3+ 39. Kd4 Nf4 40. a4 Nxh5 41. a5 Nxa5 42. Nxa5 Nf4 43. Nc6 Ne2+ 44. Ke5 d4 45. Nxd4 Ng1 46. Nc5 f4 47. Nd3 Ke7 48. Nxf4 Kd8 49. Nd3 Nxf3+ 50. Nxf3 Ke8 51. Nc5 Kf7 52. Ng5+ Ke7 53. Nge4 Kf7 54. Nf6 Ke7 55. Ncd7 Kd8 56. Kd6 Kc8 57. Ne5 Kb8 58. Nfd7+ 1-0

[Event "Staufer op 29th"]
[Site "Schwaebisch Gmuend"]
[Date "2017.01.03"]
[Round "3"]
[White "Keller, Peter1111"]
[Black "Gavrilov, Alexei"]
[Result "1/2-1/2"]
[WhiteElo "2295"]
[BlackElo "2498"]
[PlyCount "41"]
[EventDate "2017.01.02"]
[EventType "swiss"]
[EventRounds "9"]
[EventCountry "GER"]
[SourceTitle "CBM 176 Extra"]
[Source "ChessBase"]
[SourceDate "2017.03.02"]
[SourceVersion "1"]
[SourceVersionDate "2017.03.02"]
[SourceQuality "1"]

1. e4 c6 2. d4 d5 3. e5 Bf5 4. Nf3 e6 5. Be2 c5 6. Be3 Qb6 7. Nc3 Nc6 8. 0-0 Qxb2 9. Qe1 cxd4 10. Bxd4 Nxd4 11. Nxd4 Bb4 12. Rb1 Qxc3 13. Rxb4 Qxe1 14. Rxe1 b6 15. Bb5+ Kf8 16. Nxf5 exf5 17. Rd4 Ne7 18. c4 a6 19. Bd7 dxc4 20. Rxc4 Ra7 21. Bxf5 1/2-1/2